000 00276nam a2200121Ia 4500
008 190216s9999||||xx |||||||||||||| ||und||
100 _aEugene P Odum
245 0 _aFundamentals Of Ecology
260 _bWb Saunders Co
_c1971
300 _a574p
650 _aBotany
942 _cBK
999 _c1341
_d1341